Wszystkie skiny do MAG-7 w CS:GO - Statystyki

Ogólne statystyki
  • Ten quiz został rozwiązany 4 razy
  • Średni wynik to 9 z 27
Statystyki odpowiedzi
Jakość Skin % Poprawnych
Fioletowy Heat
75%
Fioletowy SWAG-7
75%
Różowy Cinquedea
50%
Różowy Justice
50%
Niebieski Memento
50%
Niebieski Storm
50%
Fioletowy Bulldozer
25%
Niebieski Carbon Fiber
25%
Niebieski Chainmail
25%
Niebieski Cobalt Core
25%
Fioletowy Core Breach
25%
Niebieski Counter Terrace
25%
Niebieski Firestarter
25%
Niebieski Hard Water
25%
Niebieski Hazard
25%
Niebieski Heaven Guard
25%
Niebieski Irradiated Alert
25%
Niebieski Metallic DDPAT
25%
Fioletowy Monster Call
25%
Fioletowy Petroglyph
25%
Niebieski Popdog
25%
Fioletowy Praetorian
25%
Niebieski Rust Coat
25%
Niebieski Sand Dune
25%
Niebieski Seabird
25%
Niebieski Silver
25%
Niebieski Sonar
25%
Nie znaleziono quizów pasujących do podanych kryteriów
Rozkład punktacji
Procent ludzi z każdym wynikiem
Percentyl według liczby udzielonych odpowiedzi
Twoja historia wyników
Nie rozwiązałeś tego quizu